000 00901cam a22002534a 4500
001 12233183
005 20260422134658.0
008 001116s2002 maua b 001 0 eng
020 _a031239070X
050 0 0 _aP94.65.U6
_bC36 2002
082 0 0 _a302.23/0973
_221
100 1 _aCampbell, Richard,
_d1949-
245 1 0 _aMedia & culture :
_ban introduction to mass communication /
_cRichard Campbell, Christopher R. Martin, Bettina Fabos.
250 _a3rd ed.
260 _aBoston :
_bBedford/St. Martin's,
_cc2002.
300 _axxiii, 613 p. :
_bill. (some col.) ;
_c28 cm.
500 _aRev. ed. of: Media and culture. 2nd ed. c2000.
650 0 _aMass media and culture
_zUnited States.
650 0 _aPopular culture
_zUnited States.
700 1 _aMartin, Christopher R.
700 1 _aFabos, Bettina.
700 1 _aCampbell, Richard,
_d1949-
_tMedia and culture.
942 _2lcc
_cBK
_e3rd ed.
_n0
999 _c9474
_d9474